000 00341nam a2200145Ia 4500
008 230711s9999||||xx |||||||||||||| ||und||
041 _aENG
082 _a720
_bUD-A
100 _aUdamale,Sanjay
245 0 _aArchitecture of kutch
250 _a1st . Ed.
260 _c2003
_aMumbai
_bEnglish Edition
650 _aArchitecture
942 _cBK
999 _c4338
_d4338